<?xml version="1.0" encoding="UTF-8"?>
<record
    xmlns:xsi="http://www.w3.org/2001/XMLSchema-instance"
    xsi:schemaLocation="http://www.loc.gov/MARC21/slim http://www.loc.gov/standards/marcxml/schema/MARC21slim.xsd"
    xmlns="http://www.loc.gov/MARC21/slim">

  <leader>00716nam a2200217 a 4500</leader>
  <datafield tag="999" ind1=" " ind2=" ">
    <subfield code="c">6607</subfield>
    <subfield code="d">6607</subfield>
  </datafield>
  <controlfield tag="001">6838</controlfield>
  <controlfield tag="003">BD-DhUAP</controlfield>
  <controlfield tag="005">20210104145335.0</controlfield>
  <controlfield tag="008">210104r20011988ii a          001 0deng d</controlfield>
  <datafield tag="020" ind1=" " ind2=" ">
    <subfield code="a">8125005145</subfield>
  </datafield>
  <datafield tag="040" ind1=" " ind2=" ">
    <subfield code="a">DLC</subfield>
    <subfield code="c">DLC</subfield>
    <subfield code="d">DLC</subfield>
    <subfield code="d">BD-DhUAP</subfield>
    <subfield code="b">eng</subfield>
  </datafield>
  <datafield tag="082" ind1="0" ind2="0">
    <subfield code="a">954.035 AZA</subfield>
    <subfield code="2">22</subfield>
  </datafield>
  <datafield tag="100" ind1="1" ind2=" ">
    <subfield code="a">Azad, Abul Kalam,</subfield>
    <subfield code="9">1916</subfield>
  </datafield>
  <datafield tag="245" ind1="1" ind2="0">
    <subfield code="a">India wins freedom :</subfield>
    <subfield code="b">the complete version /</subfield>
    <subfield code="c">Abul Kalam Azad.</subfield>
  </datafield>
  <datafield tag="260" ind1=" " ind2=" ">
    <subfield code="a">New Delha :</subfield>
    <subfield code="b">Orient Longman,</subfield>
    <subfield code="c">c1988 [Reprinted 2001].</subfield>
  </datafield>
  <datafield tag="300" ind1=" " ind2=" ">
    <subfield code="a">xiv, 223 pages :</subfield>
    <subfield code="b">illustrations ;</subfield>
    <subfield code="c">22 cm.</subfield>
  </datafield>
  <datafield tag="600" ind1="1" ind2="0">
    <subfield code="a">Azad, Abul Kalam,</subfield>
    <subfield code="d">1888-1958.</subfield>
    <subfield code="9">1917</subfield>
  </datafield>
  <datafield tag="650" ind1=" " ind2="0">
    <subfield code="a">Statesmen</subfield>
    <subfield code="z">India</subfield>
    <subfield code="x">Biography.</subfield>
    <subfield code="9">1918</subfield>
  </datafield>
  <datafield tag="651" ind1=" " ind2="0">
    <subfield code="a">India</subfield>
    <subfield code="x">Politics and government</subfield>
    <subfield code="y">1919-1947.</subfield>
    <subfield code="9">1521</subfield>
  </datafield>
  <datafield tag="942" ind1=" " ind2=" ">
    <subfield code="2">ddc</subfield>
    <subfield code="c">BK</subfield>
  </datafield>
  <datafield tag="952" ind1=" " ind2=" ">
    <subfield code="0">0</subfield>
    <subfield code="1">0</subfield>
    <subfield code="2">ddc</subfield>
    <subfield code="4">0</subfield>
    <subfield code="7">0</subfield>
    <subfield code="a">UAPCL</subfield>
    <subfield code="b">UAPCL</subfield>
    <subfield code="c">General Stacks</subfield>
    <subfield code="d">2021-01-04</subfield>
    <subfield code="o">954.035 AZA</subfield>
    <subfield code="p">3010006838</subfield>
    <subfield code="r">2021-01-04</subfield>
    <subfield code="t">1</subfield>
    <subfield code="w">2021-01-04</subfield>
    <subfield code="y">BK</subfield>
  </datafield>
</record>
